Size Shifting Marvel Characters by Picture - Statistics

General Stats
  • This quiz has been taken 20 times
  • The average score is 12 of 21
Answer Stats
Picture Answer % Correct
Ant-Man (Hank Pym)
100%
Ant-Man (Scott Lang)
100%
Wasp (Janet Van Dyne)
100%
Wasp (Nadia Van Dyne)
100%
Yellowjacket
94%
Yellowjacket
94%
Ms. Marvel
76%
Giant-Man
71%
Goliath
71%
Stature
65%
Stinger
65%
Atlas
47%
Black Ant
47%
Big Bertha
41%
Living Pharaoh
24%
Big Man
18%
Micromax
18%
Big Zero
12%
Man-Killer
12%
Doctor Nemesis
6%
Leviathan / Gargantua
6%
No matching quizzes found
Score Distribution
Percent of People with Each Score
Percentile by Number Answered
Your Score History
You have not taken this quiz